[Event "GER-ch54 V03 email"]
[Site "GER email"]
[Date "2022.05.01"]
[Round "?"]
[White "Seelig, Juergen"]
[Black "Ensenbach, Marc"]
[Result "1/2-1/2"]
[WhiteElo "2108"]
[BlackElo "2155"]
[PlyCount "53"]
[EventDate "2022.05.01"]
[EventType "tourn (corr)"]
[EventRounds "10"]
[EventCountry "GER"]
[SourceTitle "Corr 2024"]
[Source "ChessBase"]
[SourceDate "2023.10.19"]
[SourceVersion "1"]
[SourceVersionDate "2023.10.19"]
[SourceQuality "1"]

1. e4 c5 2. Nf3 Nc6 3. d4 cxd4 4. Nxd4 Nf6 5. Nc3 e5 6. Ndb5 d6 7. Bg5 a6 8. Na3 b5 9. Nd5 Be7 10. Bxf6 Bxf6 11. c4 b4 12. Nc2 a5 13. g3 0-0 14. Bg2 g6 15. 0-0 Bg7 16. Qd3 Be6 17. Rad1 Qb8 18. b3 Rd8 19. h4 h5 20. Qd2 Kh7 21. Kh2 Qb7 22. Qe1 a4 23. Ndxb4 axb3 24. axb3 Nxb4 25. Qxb4 Qxb4 26. Nxb4 Rdb8 27. Nd5 1/2-1/2

[Event "GER-ch53 V04 email"]
[Site "GER email"]
[Date "2021.04.21"]
[Round "?"]
[White "Bolz, Barbara"]
[Black "Ensenbach, Marc"]
[Result "1/2-1/2"]
[WhiteElo "2043"]
[BlackElo "2162"]
[PlyCount "57"]
[EventDate "2021.04.21"]
[EventType "tourn (corr)"]
[EventRounds "10"]
[EventCountry "GER"]
[SourceTitle "Corr 2024"]
[Source "ChessBase"]
[SourceDate "2023.10.19"]
[SourceVersion "1"]
[SourceVersionDate "2023.10.19"]
[SourceQuality "1"]

1. e4 c5 2. Nf3 Nc6 3. d4 cxd4 4. Nxd4 Nf6 5. Nc3 e5 6. Ndb5 d6 7. Bg5 a6 8. Na3 b5 9. Nd5 Be7 10. Bxf6 Bxf6 11. c3 Rb8 12. Nc2 Bg5 13. a4 bxa4 14. Ncb4 Nxb4 15. cxb4 Bd7 16. Bxa6 0-0 17. 0-0 Bc6 18. Rxa4 Bxa4 19. Qxa4 Kh8 20. Bb5 Qc8 21. Bc6 Bd8 22. b5 Bb6 23. Nxb6 Rxb6 24. Rd1 Rd8 25. Qc4 f5 26. Qe2 fxe4 27. Qxe4 Rb8 28. g3 Qe6 29. Rd2 1/2-1/2

[Event "GER-ch53 V04 email"]
[Site "GER email"]
[Date "2021.04.21"]
[Round "?"]
[White "Kuna, Heiko"]
[Black "Ensenbach, Marc"]
[Result "1/2-1/2"]
[WhiteElo "2040"]
[BlackElo "2162"]
[PlyCount "59"]
[EventDate "2021.04.21"]
[EventType "tourn (corr)"]
[EventRounds "10"]
[EventCountry "GER"]
[SourceTitle "Corr 2024"]
[Source "ChessBase"]
[SourceDate "2023.10.19"]
[SourceVersion "1"]
[SourceVersionDate "2023.10.19"]
[SourceQuality "1"]

1. Nf3 d5 2. d4 Nf6 3. c4 c6 4. Nc3 e6 5. Bg5 h6 6. Bh4 dxc4 7. e4 g5 8. Bg3 b5 9. Be2 Bb7 10. Ne5 Bg7 11. h4 Nbd7 12. Qc2 g4 13. Rd1 Nh5 14. Bh2 Bxe5 15. Bxe5 Nxe5 16. dxe5 Qc7 17. Rd6 Nf6 18. Qd2 Nd7 19. Qf4 0-0-0 20. Qxf7 Nc5 21. Qf4 Qg7 22. Rxd8+ Rxd8 23. Qf6 Qxf6 24. exf6 b4 25. Nd1 Nxe4 26. Bxg4 Kd7 27. Be2 Nxf6 28. Bxc4 c5 29. f3 Nd5 30. h5 1/2-1/2

[Event "GER rap17 FSM/V03 email"]
[Site "GER email"]
[Date "2018.05.25"]
[Round "?"]
[White "Kuhne, Detlev"]
[Black "Ensenbach, Marc"]
[Result "1/2-1/2"]
[WhiteElo "2177"]
[BlackElo "2147"]
[PlyCount "114"]
[EventDate "2018.06.12"]
[EventType "tourn (corr)"]
[EventRounds "4"]
[EventCountry "GER"]
[SourceTitle "Corr 2020"]
[Source "ChessBase"]
[SourceDate "2019.09.30"]
[SourceVersion "1"]
[SourceVersionDate "2019.09.30"]
[SourceQuality "1"]

1. e4 e5 2. Nf3 Nf6 3. Nxe5 d6 4. Nf3 Nxe4 5. d4 d5 6. Bd3 Nc6 7. 0-0 Be7 8. Nbd2 Nd6 9. c3 Bf5 10. Be2 0-0 11. Re1 Nb8 12. Nf1 c6 13. Ne3 Be6 14. Bd3 Nd7 15. h3 f5 16. Nf1 Ne4 17. Bf4 Bf6 18. Re2 Re8 19. Bh2 Qe7 20. Qc2 Qf7 21. Rae1 a6 22. a4 c5 23. Qd1 c4 24. Bb1 b5 25. Ne3 Rf8 26. Nd2 Bh4 27. g3 Bd8 28. g4 Nxd2 29. Rxd2 fxg4 30. hxg4 Bg5 31. Bd6 g6 32. Rc2 Be7 33. Bxe7 Qxe7 34. f4 Qh4 35. f5 Bf7 36. Rh2 Qg5 37. Qd2 Rfe8 38. Ree2 bxa4 39. Bc2 a3 40. bxa3 Rab8 41. Nxc4 Qxd2 42. Nxd2 Nf6 43. g5 Ng4 44. fxg6 Bxg6 45. Bxg6 hxg6 46. Rxe8+ Rxe8 47. Rh3 Rf8 48. a4 Nf2 49. Re3 Rf5 50. Rg3 Kf7 51. Kg2 a5 52. c4 Nd1 53. Rf3 Ke6 54. cxd5+ Rxd5 55. Rf6+ Ke7 56. Rxg6 Rxd4 57. Nf3 Rxa4 1/2-1/2

[Event "GER rap15 FSM/V04 email"]
[Site "GER email"]
[Date "2017.10.23"]
[Round "?"]
[White "Ensenbach, Marc"]
[Black "Wittenberg, Gerd"]
[Result "1-0"]
[WhiteElo "2147"]
[BlackElo "1865"]
[PlyCount "115"]
[EventDate "2017.11.01"]
[EventType "tourn (corr)"]
[EventRounds "4"]
[EventCountry "GER"]
[SourceTitle "Corr 2020"]
[Source "ChessBase"]
[SourceDate "2019.09.30"]
[SourceVersion "1"]
[SourceVersionDate "2019.09.30"]
[SourceQuality "1"]

1. e4 c5 2. Nf3 d6 3. d4 cxd4 4. Nxd4 Nf6 5. Nc3 a6 6. Be3 e5 7. Nb3 Be6 8. h3 Be7 9. f4 exf4 10. Bxf4 Nc6 11. Qe2 Nd7 12. 0-0-0 Nce5 13. Kb1 Rc8 14. Qe3 0-0 15. Nd4 Re8 16. g4 Qa5 17. a3 h6 18. Nf5 Bxf5 19. gxf5 Nf6 20. Rd4 Qb6 21. Be2 Nc6 22. Rdd1 Qxe3 23. Bxe3 Bd8 24. Bf3 Ne5 25. Bg2 Rc6 26. Bf4 Nh5 27. Bh2 Bh4 28. Nd5 Nf6 29. Rd4 Bg5 30. h4 Bxh4 31. Bxe5 dxe5 32. Rb4 Bf2 33. Rf1 Bh4 34. Rxb7 Kf8 35. Rd1 Rd8 36. c3 Ne8 37. Kc2 Nd6 38. Rb6 Rxb6 39. Nxb6 h5 40. b4 Bf2 41. Nc4 Ke7 42. Nxe5 Rc8 43. Kb3 Bg3 44. Rd5 h4 45. a4 Rc7 46. c4 Ne8 47. Ng4 Nf6 48. Nxf6 gxf6 49. c5 Ra7 50. Kc4 Ra8 51. e5 Rg8 52. e6 fxe6 53. fxe6 Kxe6 54. Bh3+ Kf7 55. b5 axb5+ 56. axb5 Re8 57. b6 Re2 58. c6 1-0

[Event "GER rap13 FSM/V01 email"]
[Site "GER email"]
[Date "2016.12.04"]
[Round "?"]
[White "Ensenbach, Marc"]
[Black "Mehlhorn, Uwe"]
[Result "1-0"]
[WhiteElo "2133"]
[BlackElo "2130"]
[PlyCount "53"]
[EventDate "2016.12.09"]
[EventType "tourn (corr)"]
[EventRounds "4"]
[EventCountry "GER"]
[SourceTitle "Corr 2020"]
[Source "ChessBase"]
[SourceDate "2019.09.30"]
[SourceVersion "1"]
[SourceVersionDate "2019.09.30"]
[SourceQuality "1"]

1. d4 d6 2. Nf3 Bg4 3. e4 Nf6 4. h3 Bh5 5. Nc3 e6 6. Qe2 a6 7. g4 Bg6 8. h4 h5 9. g5 Nfd7 10. Bh3 Be7 11. d5 e5 12. Be3 b5 13. Nd2 0-0 14. a3 c6 15. Bg2 Qe8 16. Bf3 f6 17. 0-0-0 c5 18. Rhg1 Ra7 19. gxf6 Nxf6 20. Rg3 Bh7 21. Rdg1 Bd8 22. b4 Bb6 23. Bh6 Rff7 24. Bxh5 Nxh5 25. Qxh5 Qc8 26. Be3 Nd7 27. Na4 1-0

[Event "GER rap10 FSM/V05 email"]
[Site "GER email"]
[Date "2014.09.01"]
[Round "?"]
[White "Zitzmann, Johann"]
[Black "Ensenbach, Marc"]
[Result "0-1"]
[WhiteElo "2065"]
[BlackElo "2007"]
[PlyCount "80"]
[EventDate "2014.09.10"]
[EventType "tourn (corr)"]
[EventRounds "4"]
[EventCountry "GER"]
[SourceTitle "Corr 2015"]
[Source "ChessBase"]
[SourceDate "2015.07.17"]
[SourceVersion "1"]
[SourceVersionDate "2015.07.17"]
[SourceQuality "1"]

1. e4 c5 2. Nf3 d6 3. d4 cxd4 4. Nxd4 Nf6 5. Nc3 a6 6. Bg5 Nbd7 7. Bc4 Qb6 8. Bb3 e6 9. 0-0 Be7 10. a4 Nc5 11. a5 Qc7 12. Qf3 0-0 13. Ba2 b5 14. axb6 Qxb6 15. Rfe1 Bb7 16. Nb3 a5 17. Nxc5 Qxc5 18. Be3 Qc6 19. Bd4 a4 20. Rab1 Rfc8 21. Qh3 Bd8 22. e5 dxe5 23. Rxe5 Ra5 24. Rd1 Rxe5 25. Bxe5 h5 26. Bd4 Ba5 27. Bxf6 gxf6 28. Rd4 Bxc3 29. bxc3 Qb5 30. Rd1 Qg5 31. c4 h4 32. g3 Kg7 33. Qxh4 Qf5 34. Rd4 Qxc2 35. Qg4+ Kf8 36. Qf4 Qe2 37. Qd2 Qf3 38. Kf1 Qh1+ 39. Ke2 Bf3+ 40. Ke3 e5 0-1